000 nam a22 7a 4500
999 _c10440
_d10440
008 180217b ||||| |||| 00| 0 eng d
100 _aCBSE
_96375
245 _aValue Education
260 _aNew Delhi
_bCBSE
_c2012